El Salvador in crisis: indigenous conflict and foreign intervention /
Argumenta que las raíces de 1979-1984 en El Salvador, perjudica a los indígenas en su aspecto social, político y económico, destacando la enorme influencia que ejerce una pequeña élite oligárquica sobre la crisis de 1932, 1940, 1960 y 1972. Se enfatiza que la guerra civil suscitada en el período men...
Guardado en:
| Hovedforfatter: | |
|---|---|
| Format: | Texto |
| Fag: | |
| Tags: |
Tilføj Tag
Ingen Tags, Vær først til at tagge denne postø!
|
MARC
| LEADER | 00000 a a2200000 04500 | ||
|---|---|---|---|
| 001 | 8948 | ||
| 003 | |||
| 040 | |||
| 100 | |a Gills, B. K. | ||
| 245 | |a El Salvador in crisis: |b indigenous conflict and foreign intervention / |c B. K. Gills | ||
| 520 | |a Argumenta que las raíces de 1979-1984 en El Salvador, perjudica a los indígenas en su aspecto social, político y económico, destacando la enorme influencia que ejerce una pequeña élite oligárquica sobre la crisis de 1932, 1940, 1960 y 1972. Se enfatiza que la guerra civil suscitada en el período mencionado, es el resultado inevitable de las tensiones sociales pasadas, sobre todo por las intervenciones innecesarias de los EEUU hacia Centroamérica. OB/EL | ||
| 650 | |a PROBLEMAS SOCIALES | ||
| 650 | |a PROBLEMAS POLITICOS | ||
| 650 | |a RECESION ECONOMICA | ||
| 650 | |a GUERRA CIVIL | ||
| 650 | |a INTERVENCION EXTRANJERA | ||
| 650 | |a POLITICA EXTERIOR | ||
| 650 | |a AMERINDIOS | ||
| 773 | |g volumen 13, número 2; páginas 129-152 | ||
| 999 | |c 21684 |d 21684 | ||
